000 00454nmm a2200169Ia 4500
008 251105s9999||||xx |||||||||||||||||und||
020 _a9788475223278
041 _aspa
100 _aMaría Panero, Leopoldo
245 0 _aOrfebre
264 _a[Madrid, España] :
_bVisor Libros,
_c1994
300 _a85 páginas
490 _aVisor de Poesía
650 _aSpanish poetry
856 _uhttps://public.digitaliapublishing.com/a/76781
942 _cCF
999 _c84944
_d84944